[Event "SLO-chT U20"]
[Site "Nova Gorica"]
[Date "2018.06.29"]
[Round "4.2"]
[White "Suligoj, Nejc"]
[Black "Urbanc, Ana"]
[Result "0-1"]
[WhiteElo "1346"]
[BlackElo "1807"]
[PlyCount "92"]
[EventDate "2018.06.27"]
[EventType "team-tourn"]
[EventRounds "7"]
[EventCountry "SLO"]
[SourceTitle "EXT 2020"]
[Source "ChessBase"]
[SourceDate "2019.10.17"]
[SourceVersion "1"]
[SourceVersionDate "2019.10.17"]
[SourceQuality "1"]
[WhiteTeam "Nova Gorica U20"]
[BlackTeam "Krsko Triglav U20"]
[WhiteTeamCountry "SLO"]
[BlackTeamCountry "SLO"]

1. e4 c5 2. Nf3 d6 3. d4 cxd4 4. Nxd4 Nf6 5. Nc3 a6 6. Be3 e5 7. Nf3 Be6 8. h3 Be7 9. Bd3 Nbd7 10. Nd2 Qc7 11. Qe2 b5 12. a3 Rc8 13. Nf3 Nb6 14. a4 b4 15. Na2 a5 16. Bb5+ Nbd7 17. Bd3 0-0 18. Ng5 Bc4 19. Bxc4 Qxc4 20. Qxc4 Rxc4 21. Rc1 h6 22. b3 Rc6 23. Nf3 Nxe4 24. Nd2 Nxd2 25. Kxd2 d5 26. f3 d4 27. Bf2 Bg5+ 28. Kd3 Bxc1 29. Rxc1 g5 30. Re1 Kg7 31. Bg3 Kf6 32. Kd2 Rfc8 33. Rc1 Ke6 34. h4 Kd5 35. hxg5 hxg5 36. Kd3 f5 37. Bf2 e4+ 38. fxe4+ fxe4+ 39. Kd2 e3+ 40. Bxe3 dxe3+ 41. Kxe3 Rxc2 42. Rd1+ Ke6 43. Nxb4 axb4 44. Kf3 R8c3+ 45. Kg4 Nf6+ 46. Kxg5 Rxg2+ 0-1

[Event "SLO-ch U18"]
[Site "Ptuj"]
[Date "2017.03.03"]
[Round "7"]
[White "Pozun, Matej"]
[Black "Suligoj, Nejc"]
[Result "1-0"]
[WhiteElo "2062"]
[BlackElo "1425"]
[PlyCount "43"]
[EventDate "2017.02.25"]
[EventType "swiss"]
[EventRounds "7"]
[EventCountry "SLO"]
[SourceTitle "CBM 177 Extra"]
[Source "ChessBase"]
[SourceDate "2017.04.27"]
[SourceVersion "1"]
[SourceVersionDate "2017.04.27"]
[SourceQuality "1"]

1. e4 c5 2. Nf3 d6 3. d4 cxd4 4. Nxd4 Nf6 5. Nc3 g6 6. Be3 Bg7 7. f3 0-0 8. Qd2 Nc6 9. 0-0-0 a6 10. h4 Nxd4 11. Bxd4 Be6 12. Nd5 Nxd5 13. exd5 Bd7 14. h5 Bxd4 15. Qxd4 Qa5 16. Kb1 Qc5 17. Qh4 Bf5 18. Bd3 Bxd3 19. Rxd3 Rac8 20. Rc3 Qxd5 21. hxg6 Qxa2+ 22. Kxa2 1-0

[Event "SLO-ch U18"]
[Site "Ptuj"]
[Date "2017.02.28"]
[Round "4"]
[White "Suta, Tomaz"]
[Black "Suligoj, Nejc"]
[Result "1-0"]
[WhiteElo "1751"]
[BlackElo "1425"]
[PlyCount "115"]
[EventDate "2017.02.25"]
[EventType "swiss"]
[EventRounds "7"]
[EventCountry "SLO"]
[SourceTitle "CBM 177 Extra"]
[Source "ChessBase"]
[SourceDate "2017.04.27"]
[SourceVersion "1"]
[SourceVersionDate "2017.04.27"]
[SourceQuality "1"]

1. e4 c5 2. Nf3 d6 3. d4 cxd4 4. Nxd4 Nf6 5. Nc3 g6 6. g3 Bg7 7. Bg2 0-0 8. 0-0 Nc6 9. Nde2 Bg4 10. h3 Be6 11. Be3 Qc8 12. Kh2 Ne5 13. a4 Nc4 14. Qc1 Nxe3 15. Qxe3 Rd8 16. Rfd1 Qc5 17. Qxc5 dxc5 18. Nf4 Rab8 19. Nxe6 fxe6 20. e5 Ne8 21. f4 b6 22. Kg1 Nc7 23. Kf2 h6 24. h4 g5 25. h5 Kf7 26. Ke2 Ke8 27. Bc6+ Kf7 28. Ke3 Kf8 29. Ke4 Kf7 30. Nb5 Na6 31. c3 c4 32. Ke3 Nc5 33. Be4 Nxe4 34. Kxe4 a6 35. Nc7 a5 36. Nb5 Bf8 37. Nd4 Rbc8 38. Rd2 Rc5 39. Rad1 Rdd5 40. Nc2 gxf4 41. gxf4 Rxd2 42. Rxd2 Rd5 43. Rd4 b5 44. Ne3 Rc5 45. axb5 Rxb5 46. Nxc4 Bg7 47. Rd1 Rd5 48. Rxd5 exd5+ 49. Kxd5 e6+ 50. Kc6 Bf8 51. Nxa5 Be7 52. Nb7 Bh4 53. Nc5 Ke7 54. b4 Bg3 55. b5 Bxf4 56. Nd7 Bd2 57. b6 Bxc3 58. b7 1-0

[Event "Nova Gorica op-A 20th"]
[Site "Nova Gorica"]
[Date "2015.02.04"]
[Round "8"]
[White "Savoia, Serge"]
[Black "Suligoj, Nejc"]
[Result "1-0"]
[WhiteElo "1832"]
[BlackElo "1381"]
[PlyCount "45"]
[EventDate "2015.01.30"]
[EventType "swiss"]
[EventRounds "9"]
[EventCountry "SLO"]
[SourceTitle "CBM 164 Extra"]
[Source "ChessBase"]
[SourceDate "2015.03.02"]
[SourceVersion "1"]
[SourceVersionDate "2015.03.02"]
[SourceQuality "1"]

1. e4 c5 2. d4 cxd4 3. c3 dxc3 4. Nxc3 d6 5. Bc4 Nf6 6. e5 Ng8 7. Nf3 a6 8. 0-0 Nc6 9. Qb3 e6 10. Bg5 Be7 11. Ne4 d5 12. Nd6+ Kf8 13. Bxe7+ Qxe7 14. Be2 Nh6 15. Rac1 g6 16. Rxc6 bxc6 17. Nd4 Qd7 18. Qa3 Kg7 19. g4 f5 20. exf6+ Kxf6 21. g5+ Kxg5 22. Qe3+ Kf6 23. Nxc8 1-0

[Event "Nova Gorica op-A 20th"]
[Site "Nova Gorica"]
[Date "2015.01.31"]
[Round "3"]
[White "Suligoj, Nejc"]
[Black "Kolsek, Jan"]
[Result "1/2-1/2"]
[WhiteElo "1381"]
[BlackElo "1651"]
[PlyCount "105"]
[EventDate "2015.01.30"]
[EventType "swiss"]
[EventRounds "9"]
[EventCountry "SLO"]
[SourceTitle "CBM 164 Extra"]
[Source "ChessBase"]
[SourceDate "2015.03.02"]
[SourceVersion "1"]
[SourceVersionDate "2015.03.02"]
[SourceQuality "1"]

1. e4 c5 2. Nf3 d6 3. Nc3 g6 4. d4 cxd4 5. Nxd4 Nf6 6. Bd3 Bg7 7. 0-0 0-0 8. h3 Nc6 9. Be3 Bd7 10. Qd2 Qc8 11. Nf3 Bxh3 12. gxh3 Qxh3 13. Ng5 Qg4+ 14. Kh2 h6 15. Be2 Qh4+ 16. Nh3 Nxe4 17. Nxe4 Qxe4 18. Qd3 Qxd3 19. Bxd3 Nb4 20. Be4 d5 21. Bd2 dxe4 22. Bxb4 Bxb2 23. Rab1 Be5+ 24. Kg2 Rfe8 25. Bd2 b6 26. Bxh6 Rac8 27. Rfc1 Rc4 28. Bf4 Bg7 29. c3 Rec8 30. Rb4 Rxb4 31. cxb4 Rxc1 32. Bxc1 b5 33. Ng5 Bc3 34. a3 f5 35. Ne6 a5 36. Nc7 axb4 37. Nxb5 Kf8 38. Nxc3 bxc3 39. Kf1 Ke8 40. Ke1 Kd7 41. Kd1 Kc6 42. Kc2 e5 43. Kxc3 f4 44. Bd2 g5 45. Kc2 g4 46. Kd1 Kb5 47. Ke2 Ka4 48. Bc1 g3 49. fxg3 fxg3 50. Kf1 e3 51. Bb2 e4 52. Bc1 Kb3 53. Bxe3 1/2-1/2